|
|
|
|
| LEADER |
00000nam0a2200000 4500 |
| 001 |
103929 |
| 005 |
20231101214522.0 |
| 020 |
|
|
|a RU
|b 85-58331
|
| 035 |
|
|
|a (RuTPU)RU\TPU\book\112035
|
| 090 |
|
|
|a 103929
|
| 100 |
|
|
|a 20061024d1985 km y0rusy5003 ca
|
| 101 |
0 |
|
|a rus
|
| 102 |
|
|
|a RU
|
| 105 |
|
|
|a a z 001zy
|
| 200 |
1 |
|
|a Художественные памятники и проблемы культуры Востока
|e сборник статей
|f Государственный Эрмитаж; под ред. В. Г. Луконина
|
| 210 |
|
|
|a Ленинград
|c Искусство
|c Ленингр. отд-ние
|d 1985
|
| 215 |
|
|
|a 208, [5] с.
|c ил.
|
| 320 |
|
|
|a Библиография в конце статей
|
| 320 |
|
|
|a Библиография в примечаниях.
|
| 610 |
1 |
|
|a декоративно-прикладное искусство
|
| 610 |
1 |
|
|a Восток
|
| 610 |
1 |
|
|a искусство
|
| 610 |
1 |
|
|a культура
|
| 610 |
1 |
|
|a ювелирное дело
|
| 610 |
1 |
|
|a Грузия
|
| 610 |
1 |
|
|a серебро
|
| 610 |
1 |
|
|a обработка
|
| 610 |
1 |
|
|a металлообработка
|
| 610 |
1 |
|
|a чеканка
|
| 610 |
1 |
|
|a бронза
|
| 610 |
1 |
|
|a геральдика
|
| 675 |
|
|
|a 7(069)
|z rus
|
| 675 |
|
|
|a 7.032.1
|z rus
|
| 702 |
|
1 |
|a Луконин
|b В. Г.
|g Владимир Григорьевич
|4 340
|
| 712 |
0 |
2 |
|a Государственный Эрмитаж
|2 stltpush
|3 (RuTPU)RU\TPU\col\5345
|9 24087
|
| 801 |
|
0 |
|a RU
|b RuMRKP
|c 19950704
|g psbo
|
| 801 |
|
1 |
|a RU
|b 63413507
|c 20061024
|g PSBO
|
| 801 |
|
2 |
|a RU
|b 63413507
|c 20061030
|g PSBO
|
| 942 |
|
|
|c BK
|